000 00358nam a2200133Ia 4500
008 231129s1996||||xx |||||||||||||| ||spa||
040 _bspa
082 _a398.9 R436c
100 _aRestrepo Jorge
245 0 _aCreencias de un esceptico: Lugares comunes sobre el humanismo clasico
260 _c1996
264 _aInstituto Caro y Cuervo
942 _2ddc
_cBKS
999 _c8200
_d8200